Culture Générale #1 - Statistiques

Statistiques générales
  • Ce quiz a été pris 636 fois
  • Le résultat moyen est 5 sur 20
Statistiques - réponses
Hint Réponse % Correct
Qui est l'auteur de Tintin ? Hergé
58%
De qui tient-on la formule "On ne naît pas femme, on le devient" ? Simone de Beauvoir
57%
Qui est la déesse grecque de la chasse ? Artémis
56%
Qui a écrit La Ferme des Animaux ? George Orwell
47%
De quel instrument Miles Davis était-il un virtuose ? Piano
47%
Dans quelle ville française se déroule le festival du théâtre chaque année ? Avignon
34%
Qui a écrit Les Illusions perdues ? Honoré de Balzac
24%
Qui a peint Les Demoiselles d'Avignon ? Pablo Picasso
24%
Comment s'appelle le grand musée de Madrid ? Prado
23%
Qui a composé l'opéra Carmen ? Georges Bizet
21%
Quel est le plus long fleuve d'Europe ? Volga
21%
Qui a réalisé le film A bout de souffle ? Jean-Luc Godard
19%
Dans quelle ville est née Franz Kafka ? Prague
16%
Qui était le Premier Ministre français entre 1976 et 1981, essentiellement connu pour ses mesures d'austérité ? Raymond Barre
10%
Qui a scultpté les Nanas ? Nikki de Saint-Phalle
9%
De qui tient-on la formule "Le rire est le propre de l'homme" ? Rabelais
7%
A l'initiative de quel chef d'Etat fut érigé l'Arc de Triomphe ? Napoléon 1er
5%
Qui est l'auteur de l'Opium des intellectuels ? Raymond Aron
4%
Quel ancien militaire français était surnommé "l'Africain" ? Hubert Lyautey
1%
Comment s'appelle ce recueil de nouvelles de divers auteurs naturalistes dont Zola ? Les Soirées de Médan
0%
Aucun quiz correspondant
Distribution des résultats
% des personnes avec chaque résultat
Percentile par nombre de réponses
Votre historique - résultats
Vous n’avez pas pris ce quiz